000 00417nam a22001337a 4500
003 SGT
020 _a9788123780641
082 _a200
_bL17Q
100 _aकुरैशी, एस. वाय.
245 _a लोकतंत्र के उत्सव की अनकही कहानी
260 _bराष्ट्रिय पुस्तक न्यास
_c2017
300 _a417
942 _2ddc
_cBK
999 _c31820
_d31820